| 000 | 00667nam a22002417a 4500 | ||
|---|---|---|---|
| 003 | UA-OsUOA | ||
| 001 | 55009 | ||
| 007 | ta | ||
| 008 | 20080804b un ||||| |||| 00| 0 ukr d | ||
| 100 | _aБулгаков С. | ||
| 090 |
_a330.8 _bБ90 |
||
| 942 | _cBK | ||
| 040 |
_aUA-OsUOA _bukr _cUA-OsUOA _dUA-OsUOA |
||
| 245 |
_aРозмисли _cЗа ред.В.Д.Базилевича |
||
| 300 | _a903 с. | ||
| 955 | _a1 | ||
| 041 | _aukr | ||
| 080 | _a330.8 | ||
| 260 |
_aК. _bЗнання _c2006 |
||
| 246 | 3 | 1 |
_aТворча спадщина у контексті 21 століття _n |
| 650 | 7 |
_a330 Економіка взагалі _2UDC |
|
| 999 |
_c341095 _d341095 |
||